| 000 | 00672nam a2200217 a 4500 | ||
|---|---|---|---|
| 001 | 000008385 | ||
| 005 | 20200929161333.0 | ||
| 008 | 090916s2003 dr 000 f spa d | ||
| 020 | _a9993403407 | ||
| 040 | _aDO-SdBNP | ||
| 082 |
_aCU863 _bC758c |
||
| 100 | 1 |
_aConsuegra, Olga _922610 |
|
| 245 | 1 | 0 |
_aCuando se desnudan los espíritus : _bconfesiones íntimas de una mujer / _cOlga Consuegra. |
| 250 | _a2a. ed. | ||
| 260 |
_aSanto Domingo : _b[s.n.], _c2003. |
||
| 300 |
_a168 ; : _b20 cm. |
||
| 504 | _aIncluye referencias bibliográficas y notas al pie de las páginas. | ||
| 650 | 4 |
_aNovela epistolar _922611 |
|
| 650 | 4 |
_aLiteratura cubana _91483 |
|
| 049 | _aBNPD | ||
| 999 |
_c8156 _d8156 |
||